FoxBASE+ Popis jazyka
Salvato in:
| Autore principale: | |
|---|---|
| Natura: | Libro |
| Lingua: | ceco |
| Pubblicazione: |
České Budějovice
Podnik výpočetní techniky
1991
|
| Edizione: | 1. vyd. |
| Serie: | Edice uživatele PC
Sv.12 |
| Soggetti: | |
| Tags: |
Nessun Tag, puoi essere il primo ad aggiungerne!!
|
MARC
| LEADER | 00000nam a2200000 4500 | ||
|---|---|---|---|
| 001 | c000527 | ||
| 005 | 20221214093628.9 | ||
| 020 | |a 80-85215-30-6 | ||
| 041 | 0 | |a cze | |
| 044 | |a CZ | ||
| 245 | 1 | 0 | |a FoxBASE+ |b Popis jazyka |c Pavel Mikula |
| 250 | |a 1. vyd. | ||
| 264 | 1 | |a České Budějovice |b Podnik výpočetní techniky |c 1991 | |
| 300 | |a 74 s. | ||
| 490 | 1 | |a Edice uživatele PC |v Sv.12 | |
| 830 | 0 | |a Edice uživatele PC |v Sv.12 | |
| 610 | 2 | 0 | |a jazyky programovacie |
| 610 | 2 | 0 | |a FoxBASE+ |
| 610 | 2 | 0 | |a báza dát |
| 610 | 2 | 0 | |a spracovanie dát |
| 610 | 2 | 0 | |a programovanie |
| 100 | 1 | |a Mikula, Pavel | |